logo

Bir Sreshtho Munshi Abdur Rouf Library
Jhenaidah Cadet College

Before I sleep-- : (Record no. 6824)

MARC details
000 -LEADER
fixed length control field 00784nam a22002532 4500
001 - CONTROL NUMBER
JCCL Control Number 6824
003 - CONTROL NUMBER IDENTIFIER
JCCL marc code UkOxU
005 - DATE AND TIME OF LATEST TRANSACTION
control field 20180130190944.0
008 - FIXED-LENGTH DATA ELEMENTS--GENERAL INFORMATION
fixed length control field 930218t19621961enk 000 0beng d
035 ## - SYSTEM CONTROL NUMBER
system control number OCLC ocm27466683 from D970814M
040 ## - CATALOGING SOURCE
Original cataloging agency TEJ
Transcribing agency TEJ
Modifying agency UKM
-- EQO
041 ## - LANGUAGE CODE
Language code of Book eng
082 04 - DEWEY DECIMAL CLASSIFICATION NUMBER
Classification number 610.924
DDC Edition number 18
Author mark and Year MON 1962
090 ## - LOCALLY ASSIGNED LC-TYPE CALL NUMBER (OCLC); LOCAL CALL NUMBER (OCLC)
Classification number (OCLC) (R) ; Classification number, CALL (RLIN) (NR) R154.D634
Local cutter number (OCLC) ; Book number/undivided call number, CALL (RLIN) M6 1962
100 1# - MAIN ENTRY--PERSONAL NAME
Personal name Monahan, James,
Dates associated with a name 1904-
245 10 - TITLE STATEMENT
Title Before I sleep-- :
Remainder of title the last days of Dr. Tom Dooley /
Statement of responsibility, etc edited with a foreword by James Monahan.
260 ## - PUBLICATION, DISTRIBUTION, ETC. (IMPRINT)
Place of publication, distribution, etc Kingswood :
Name of publisher, distributor, etc The World's Work (1913),
Date of publication, distribution, etc 1962, c1961.
300 ## - PHYSICAL DESCRIPTION
Pagination x, 275 p. ;
Dimensions 22 cm.
600 10 - SUBJECT ADDED ENTRY--PERSONAL NAME
Personal name Dooley, Thomas A.
Fuller form of name (Thomas Anthony),
Dates associated with a name 1927-1961.
650 ## - SUBJECT ADDED ENTRY--TOPICAL TERM
Topical term or geographic name as entry element Physicians
740 41 -
Uncontrolled related/analytical title The last days of Dr. Tom Dooley.
942 ## - ADDED ENTRY ELEMENTS (KOHA)
Source of classification or shelving scheme Dewey Decimal Classification
Koha item type Books
Holdings
Source of classification or shelving scheme Damaged status Not for loan Home library Current library Shelving location Total Checkouts Full call number Barcode Date last seen Copy number Koha item type
Dewey Decimal Classification     JCC Rouf Library JCC Rouf Library General Stacks   610.924 MON 1962 9391 01/30/2018 C - 1 Books

JCC Library | Contacts | JCC Home

Last Update on 23 September 2017
Copyright @ 2017-2020 JCC Rouf Library
Rouf Library, Jhenidah Cadet College (JCC), Bangladesh